000 00928nam a2200337 4500
001 02331801
003 DO-SdBNP
005 20180221154057.0
007 02331801
008 940526s1992 sp | |||| ||spa
016 7 _a
_2BPMSU
017 _a
_b
020 _a8434808285
035 _a
040 _aBPMSU
_bspa
_cBPMSU
_e
080 0 _a
100 1 _aArmijo, Consuelo
_d1940-
245 1 3 _aEl Pampinoplas
_h
_cConsuelo Armijo
250 _a20ª ed.
260 _aMadrid:
_bSM,
_c1992
300 _a93 p. :
_bil. ;
_c20 cm
440 3 _aEl barco de vapor.
_pSerie azul
_v1
490 _aEl barco de vapor.
_aSerie azul
_v1
500 _aPara niños a partir de 7 años
586 _a"Premio Lazarillo 1974"
700 1 _aTello, Antonio
_d1951-
830 _aEl barco de vapor.
_pSerie azul
_v1
942 _2ddc
_cBK
945 _aInventariado, 2018 / BT
956 _aVMATEO
_210
_320160407
_6BPMSU
_80069
999 _c9624
_d9624